Central Library OPAC University of Rajshahi

পূর্ব বঙ্গের লোক-গীতিকা (Record no. 44393)

MARC details
000 -LEADER
fixed length control field 00704nam a22002177a 4500
001 - CONTROL NUMBER
control field 44393
003 - CONTROL NUMBER IDENTIFIER
rucl marc code BD-RjUL
005 - DATE AND TIME OF LATEST TRANSACTION
control field 20211209053840.0
008 - FIXED-LENGTH DATA ELEMENTS--GENERAL INFORMATION
fixed length control field 160717s1955 bg ||||| |||| 00| 0 ben d
020 ## - INTERNATIONAL STANDARD BOOK NUMBER
Terms of availability : TK 1.00
035 ## - SYSTEM CONTROL NUMBER
System control number (BD-RjUL)44511
040 ## - CATALOGING SOURCE
Original cataloging agency BD-RjUL
Language of cataloging ben
Transcribing agency BD-RjUL
041 ## - LANGUAGE CODE
Language code of text/sound track or separate title ben
082 ## - DEWEY DECIMAL CLASSIFICATION NUMBER
Edition number 23
Classification number 398.2
Author mark and year PUR 1955
245 00 - TITLE STATEMENT
Title পূর্ব বঙ্গের লোক-গীতিকা
260 ## - PUBLICATION, DISTRIBUTION, ETC. (IMPRINT)
Place of publication, distribution, etc. ঢাকা :
Name of publisher, distributor, etc. পাকিস্তান পাবলিকেশানস,
Date of publication, distribution, etc. ১৯৫৫
300 ## - PHYSICAL DESCRIPTION
Pagination ১৬৮ পৃ. ;
Size ১৮ সেমি.
650 ## - SUBJECT ADDED ENTRY--TOPICAL TERM
Topical term or geographic name as entry element Folk Literature
9 (RLIN) 136269
Topical term or geographic name as entry element লোকসাহিত্য
9 (RLIN) 136270
942 ## - ADDED ENTRY ELEMENTS (KOHA)
Source of classification or shelving scheme Dewey Decimal Classification
Koha item type Books
Holdings
Lost status Source of classification or shelving scheme Damaged status Not for loan Collection code Permanent Location Current Location Shelving location Date acquired Source of acquisition Cost, normal purchase price Total Checkouts Full call number Date last seen Date checked out Copy number Koha item type
  Dewey Decimal Classification     Non-fiction Central Library, University of Rajshahi Central Library, University of Rajshahi   21/12/1957 Nawroge Kitabstan, Dhaka 1.00 2 B 398.2 PUR 1955 02/12/2024 17/11/2024 C-2 Books